logo

Bir Sreshtho Munshi Abdur Rouf Library
Jhenaidah Cadet College

উচ্চতর গণিত প্রথম পত্র একাদশ-দ্বাদশ শ্রেণি / (Record no. 5460)

MARC details
000 -LEADER
fixed length control field 00700nam a2200217 a 4500
001 - CONTROL NUMBER
JCCL Control Number 5460
003 - CONTROL NUMBER IDENTIFIER
JCCL marc code BD-JhCCX
005 - DATE AND TIME OF LATEST TRANSACTION
control field 20180908134016.0
008 - FIXED-LENGTH DATA ELEMENTS--GENERAL INFORMATION
fixed length control field 171214s2013 bg a|||| || | 000 0 ben d
035 ## - SYSTEM CONTROL NUMBER
system control number (BD-JhCC)5460
040 ## - CATALOGING SOURCE
Original cataloging agency BD-JhCC
Modifying agency BD-JhCC
041 ## - LANGUAGE CODE
Language code of Book ben
082 ## - DEWEY DECIMAL CLASSIFICATION NUMBER
Classification number 515
Author mark and Year RAS 2013
100 ## - MAIN ENTRY--PERSONAL NAME
Personal name রশীদ, হারুনুর
245 ## - TITLE STATEMENT
Title উচ্চতর গণিত প্রথম পত্র একাদশ-দ্বাদশ শ্রেণি /
Statement of responsibility, etc হারুনুর রশীদ,
260 ## - PUBLICATION, DISTRIBUTION, ETC. (IMPRINT)
Place of publication, distribution, etc ঢাকা :
Name of publisher, distributor, etc হাসান বুক হাউস,
Date of publication, distribution, etc 2013.
300 ## - PHYSICAL DESCRIPTION
Pagination 308 p. :
Dimensions 24 cm.
650 ## - SUBJECT ADDED ENTRY--TOPICAL TERM
Topical term or geographic name as entry element Mathematics
942 ## - ADDED ENTRY ELEMENTS (KOHA)
Source of classification or shelving scheme Dewey Decimal Classification
Koha item type Books
Koha issues (borrowed), all copies 1
Holdings
Source of classification or shelving scheme Damaged status Not for loan Home library Current library Shelving location Date of accession Cost, normal purchase price Total Checkouts Full call number Barcode Date last seen Date checked out Copy number Koha item type
Dewey Decimal Classification     JCC Rouf Library JCC Rouf Library General Stacks 12/14/2017 102.00 1 515 RAS 2013 7330 09/10/2024 09/09/2024 C - 1 Books
Dewey Decimal Classification     JCC Rouf Library JCC Rouf Library General Stacks 12/14/2017 102.00   515 RAS 2013 7329 12/14/2017   C - 2 Books
Dewey Decimal Classification     JCC Rouf Library JCC Rouf Library General Stacks 12/14/2017 102.00   515 RAS 2013 7328 12/14/2017   C - 3 Books
Dewey Decimal Classification     JCC Rouf Library JCC Rouf Library General Stacks 12/14/2017 102.00 1 515 RAS 2013 7720 09/26/2018 09/08/2018 C - 4 Books
Dewey Decimal Classification     JCC Rouf Library JCC Rouf Library General Stacks 12/14/2017 102.00   515 RAS 2013 7719 12/14/2017   C - 5 Books
Dewey Decimal Classification     JCC Rouf Library JCC Rouf Library General Stacks 12/18/2017 126.00 1 515 RAS 2013 7785 07/02/2025 04/28/2025 C-6 Books

JCC Library | Contacts | JCC Home

Last Update on 23 September 2017
Copyright @ 2017-2020 JCC Rouf Library
Rouf Library, Jhenidah Cadet College (JCC), Bangladesh